I Can Guess Your Country #2 - Statistics

General Stats
  • This quiz has been taken 36 times
  • The average score is 6 of 15
Answer Stats
Question Your country is... % Correct
Switzerland
56%
Kenya
52%
Am I in the Americas or Africa? Canada
44%
Greece
44%
Saudi Arabia
44%
Solomon Islands
44%
Does my capital come after M alphabetically? Chile
41%
Do I have nonterritorial land under the equator? Democratic Republic of the Congo
41%
Is my capital longer than 5 letters? Egypt
41%
Panama
41%
Papua New Guinea
41%
United Kingdom
41%
Does my name come after "I" alphabetically? Bolivia
37%
Indonesia
37%
India
33%
No matching quizzes found
Score Distribution
Percent of People with Each Score
Percentile by Number Answered
Your Score History
You have not taken this quiz